00917nam a2200277 a 450000100060000000300080000600500170001400800410003102000150007202000220008703500190010904000270012804100080015508200250016310000210018824500830020926000810029230000340037349000320040750000200043950400320045965100340049165100280052570000540055383000320060764703BD-RjUL20211209081336.0170219r19961982enka b 001 0 eng d a0521242444 a052128550X (pbk.) a(BD-RjUL)64833 aDLCcDLCdBD-RjULbeng aeng00a954.02223bALR 19961 aAllchin, Bridget14aThe rise of civilization in India and Pakistan /cBridget and Raymond Allchin. aCambridge ;aNew York :bCambridge University Press,cc1982 [Reprinted 1996] axiv, 379 p. :bill. ;c25 cm. aCambridge world archaeology aIncludes index. aBibliography: p. [362]-371. 0aIndiaxCivilizationyTo 1200. 0aPakistanxCivilization.1 aAllchin, F. Raymondq(Frank Raymond),d1923-2010. aCambridge world archaeology